[Event "Guwahati Sakatam op 1st"]
[Site "Guwahati"]
[Date "2024.03.27"]
[Round "9"]
[White "Amlan, Mahanta"]
[Black "Tanmay, Rajbongshi"]
[Result "0-1"]
[WhiteElo "1789"]
[BlackElo "1909"]
[PlyCount "190"]
[EventDate "2024.03.23"]
[EventType "swiss"]
[EventRounds "10"]
[EventCountry "IND"]
[SourceTitle "CB15_2024"]
[SourceDate "2024.04.10"]
[SourceVersion "1"]
[SourceVersionDate "2024.04.10"]
[SourceQuality "1"]

1. d4 Nf6 2. Bf4 e6 3. e3 d5 4. Nd2 Bd6 5. Bd3 0-0 6. c3 b6 7. Qe2 Bb7 8. Ngf3 c5 9. 0-0 a6 10. Ne5 Nc6 11. Bg3 Qc7 12. f4 b5 13. Bh4 Nd7 14. g4 f6 15. Nxc6 Bxc6 16. g5 f5 17. Nf3 g6 18. Ne5 Nxe5 19. fxe5 Be7 20. Kh1 Rab8 21. Rg1 a5 22. Be1 b4 23. cxb4 c4 24. Bc2 axb4 25. Rc1 Qa7 26. Bb1 Bd8 27. Qf2 Bc7 28. Qf4 Ba5 29. h4 Rfc8 30. Kh2 Be8 31. Qf2 c3 32. b3 Bb6 33. Rg2 Rc7 34. Bd3 Qa5 35. Qf1 Ba7 36. Bg3 Bb6 37. Rcc2 Ra7 38. Bf4 Rba8 39. Qe2 Bc7 40. Kg3 Qb6 41. Qf1 Ra3 42. Rgf2 R8a5 43. Kh2 Qa7 44. Qe2 Bb6 45. Kg3 Kf7 46. Rh2 Ke7 47. Rg2 Kd8 48. Rh2 Kc8 49. Rg2 Kb8 50. Rh2 Bd8 51. Rg2 Be7 52. Rh2 Qc7 53. Kg2 Ra7 54. Kg1 Rb7 55. Kg2 Qd8 56. Kg1 Ra5 57. Qf2 Bc6 58. Qe2 Qe8 59. Kf1 Bd8 60. Qf2 Rg7 61. Qg2 Be7 62. Qg3 Bb5 63. Be2 Bxe2+ 64. Rhxe2 Qb5 65. Kg1 Qd3 66. Qf2 Ra7 67. Qf1 Qb5 68. Rg2 Qe8 69. Qf2 Rg8 70. Kf1 Qd8 71. Qe2 Rb7 72. Qa6 Rb6 73. Qe2 Ka7 74. Rh2 Rb7 75. Qf2 Kb6 76. Rh3 Rh8 77. Qg3 Qe8 78. Rhh2 Bf8 79. Rhg2 Rg7 80. Qf2 Rgg8 81. Rh2 h6 82. Kg1 Be7 83. Qf1 Qd8 84. Rcg2 hxg5 85. Bxg5 Rh5 86. Bxe7 Qxe7 87. Qf4 g5 88. hxg5 Rhxg5 89. Rxg5 Rxg5+ 90. Kf1 Qg7 91. Qf2 Qg6 92. Rh1 Rg4 93. Qc2 Rg3 94. Qe2 Qg5 95. a4 bxa3 0-1

[Event "Panchavati op 2nd"]
[Site "Panchavati"]
[Date "2016.05.21"]
[Round "9"]
[White "Kulkarni, Vikramaditya"]
[Black "Amlan, Mahanta"]
[Result "1-0"]
[WhiteElo "2266"]
[BlackElo "1817"]
[PlyCount "79"]
[EventDate "2016.05.17"]
[EventType "swiss"]
[EventRounds "10"]
[EventCountry "IND"]
[SourceTitle "CBM 172 Extra"]
[Source "ChessBase"]
[SourceDate "2016.06.21"]
[SourceVersion "1"]
[SourceVersionDate "2016.06.21"]
[SourceQuality "1"]

1. Nf3 Nf6 2. g3 e6 3. Bg2 Be7 4. 0-0 c5 5. d3 d5 6. Nbd2 0-0 7. e4 Nc6 8. e5 Nd7 9. Re1 Re8 10. Nf1 f6 11. exf6 Bxf6 12. h4 h6 13. Ne3 b6 14. c4 dxc4 15. Nxc4 Qc7 16. Bf4 e5 17. Nfxe5 Ndxe5 18. Nxe5 Bxe5 19. Bxe5 Rxe5 20. Rxe5 Qxe5 21. Bxc6 Rb8 22. Qe1 Qxe1+ 23. Rxe1 Ba6 24. Re7 Bxd3 25. Rxa7 Rd8 26. Rb7 b5 27. Bxb5 Be4 28. Rd7 Rb8 29. a4 Rc8 30. Re7 Bg6 31. a5 Rb8 32. Bc4+ Kf8 33. Re6 Bf7 34. Rb6 Ra8 35. Bxf7 Kxf7 36. a6 Rd8 37. Kf1 Rd4 38. Ke2 h5 39. b3 c4 40. a7 1-0